| 000 | 01186nac a22003377a 4500 | ||
|---|---|---|---|
| 001 | BR0302037 | ||
| 003 | BR-BrBNA | ||
| 005 | 20240105122813.0 | ||
| 008 | 230509b bl.|||m| |||| 00| 0 por d | ||
| 040 |
_aBR-BrBNA _bpor _cBiblioteca Nacional de Agricultura |
||
| 072 | _aP32; E11 | ||
| 090 | _aP32 BR0302037 | ||
| 100 | 1 | _aPequeno, P.L. de L. | |
| 100 | 1 | _aMota, P.E.F. da | |
| 100 | 1 | _aLeônidas, F. das C. | |
| 100 | 1 | _aRodrigues, A.N.A. | |
| 110 | 1 | _aCentro de Pesquisa Agroflorestal de Rondônia, Porto Velho (Brasil) | |
| 245 | 1 | _aCaracterização das classes de solo ocorrente e aptidão agrícola de uma área destinada a um sistema de agrovila em Ouro Preto D´oeste-RO | |
| 260 | 3 |
_aPorto Velho, RO (Brasil): _c2001. |
|
| 300 | _a20 p. | ||
| 490 |
_aDocumentos - Centro de Pesquisa Agroflorestal de Rondônia (Brazil) _vno. 52 _xISSN 0103-9865 |
||
| 500 | _aSummary (Pt); 5 ref.; 15 tables | ||
| 650 | _aSOLO | ||
| 650 | _aPERFIL DO SOLO | ||
| 650 | _aAPTIDÃO AGRÍCOLA | ||
| 650 | _aFERTILIDADE DO SOLO | ||
| 650 | _aPROPRIEDADE FÍSICO-QUÍMICA | ||
| 650 | _aRONDÔNIA | ||
| 909 |
_a202312 _bLúcia Elande _c55 _dLúcia Elande |
||
| 942 |
_2AGRIS _n0 _cMS |
||
| 999 |
_c292883 _d292883 |
||